| 000 | 00733cab a22001935a 4500 | ||
|---|---|---|---|
| 001 | L153818 | ||
| 008 | 110907e20110903xxk 000 0 eng d | ||
| 035 | _a(Sirsi) u153818 | ||
| 041 | 0 | _aeng | |
| 100 | 1 | _aPowell, Nick | |
| 245 | 0 | 0 | _aUnwrapping the right package |
| 260 | _c2011 | ||
| 490 |
_aEstates Gazette _v(1135) 3 September 2011, 98-100(3) |
||
| 520 | _aAdvises valuers on factors to be taken into consideration when devaluing incentives for working out net effective rents for rent review purposes. | ||
| 590 | _aKA | ||
| 651 | 4 |
_aUnited Kingdom _y |
|
| 690 | _aPROPERTY-COMMERCIAL PROPERTY-LEASEHOLD COMMERCIAL PROPERTY-COMMERCIAL LANDLORD AND TENANT-BUSINESS TENANCIES-RENT REVIEW (BUSINESS TENANCIES) | ||
| 942 | _n0 | ||
| 999 |
_c83386 _d83386 |
||